Conceptos fundamentales: Curso del semestre de verano, Friburgo, 1941

Saved in:
Bibliografiske detaljer
Format: Bog
Sprog:spansk
Udgivet: Madrid Alianza 1989
Serier:Alianza Universidad. Filosofía, 576
Fag:
Tags: Tilføj Tag
Ingen Tags, Vær først til at tagge denne postø!

MARC

LEADER 00000nam a2200000 a 4500
001 UCV9353
003 CL-VaPUC
008 920819e19890000SP |||||||||||||||||spa|d
082 0 4 |a 142.7  |b HEI  |2 21 
245 1 0 |a Conceptos fundamentales: Curso del semestre de verano, Friburgo, 1941 
300 |a 182 p 
942 |c BK 
945 |d 19920819 00:00:00 
260 |a Madrid  |b Alianza  |c 1989 
650 0 |a Metafísica  |9 265649 
650 0 |a Filosofía alemana   |9 265002 
583 |a last modification  |c 19920819 00:00:00  |k Rodrigo Vera 
490 0 |a Alianza Universidad. Filosofía, 576 
999 |c 214705  |d 214703 
952 |0 0  |1 0  |4 0  |6 142_700000000000000_HEI_1989  |7 0  |8 A  |9 198358  |a BIBARQ  |b BIBARQ  |d 2019-11-14  |i 2658445  |l 3  |o 142.7 HEI 1989  |p 2658445  |r 2025-01-20  |s 2022-09-29  |w 2019-11-14  |y BK  |k ARQ